Catàleg del Col·legi de Periodistes de Catalunya

Els periòdics, protagonistes del post-Maastricht (Registre núm. 1153)

000 -CABECERA
Longitud fija campo de control 00450nam a2200145 a 4500
001 - NÚMERO DE CONTROL
Número de control 1153
003 - IDENTIFICADOR DEL NÚMERO DE CONTROL
Identificador del número de control CDMR
005 - FECHA Y HORA DE LA ÚLTIMA TRANSACCIÓN
Fecha y hora de la última transacción 20130311113351.0
008 - CÓDIGOS DE INFORMACIÓN DE LONGITUD FIJA
Códigos de información de longitud fija 130130s1994||||||||||||||||||||||||||||d
040 ## - FUENTE DE LA CATALOGACIÓN
Centro catalogador de origen CDMR
Lengua de catalogación cat
Centro transcriptor CPC LLEIDA
100 1# - PUNTO DE ACCESO PRINCIPAL-NOMBRE DE PERSONA
Nombre de persona Borrat, Héctor
9 (RLIN) 822
245 14 - MENCIÓN DE TÍTULO
Título Els periòdics, protagonistes del post-Maastricht
Mención de responsabilidad, etc. BORRAT, Héctor
260 ## - PUBLICACIÓN, DISTRIBUCIÓN, ETC. (PIE DE IMPRENTA)
Lugar de publicación, distribución, etc. Barcelona
Fecha de publicación, distribución, etc. 1994
Nombre del editor, distribuidor, etc. Centre Investigació de la Comunicació Generalitat de Catalunya
942 ## - ENTRADA DE ELEMENTOS AGREGADOS (KOHA)
Koha [por defecto] tipo de item Monografies
Fuente de clasificaión o esquema

No hi ha exemplars disponibles.

Implantat amb Koha